FORENSIC DNA analysis: current practices and emerging technologies

Պահպանված է:
Մատենագիտական մանրամասներ
Ձևաչափ: Գիրք
Լեզու:անգլերեն
Հրապարակվել է: USA: CRC Press, 2014.
Ցուցիչներ: Ավելացրեք ցուցիչ
Չկան պիտակներ, Եղեք առաջինը, ով նշում է այս գրառումը!

MARC

LEADER 00000nam a22000007a 4500
008 210702b ||||| |||| 00| 0 eng d
020 |a 978-1-4666-7126-6 
245 |a FORENSIC DNA analysis:   |b current practices and emerging technologies  |c Jaiprakash G. Shewale, Coeditor Ray H. Liu  |g .xvi, 405p. ; ill. 
250 |c Jaiprakash G. Shewale, Coeditor Ray H. Liu 
260 |b  USA: CRC Press,   |c 2014.  |h .- Boca Raton,  |i 689985  |l RA1057 .F76  |m Forensic genetics – Methods.   |m DNA – Analysis.  |m Genotyping Techniques – Methods.  
500 |a “It includes references and index”. 
942 |a lcc  |c BK  |e Adeniran, F. A  |f 02/07/2021 
952 |0 0  |1 0  |2 lcc  |4 0  |6 RA1057 F76  |7 0  |9 2702  |a HOL  |b HOL  |c QZ  |d 2021-07-02  |l 0  |o RA1057 .F76  |p 2021-6546  |r 2021-07-02 00:00:00  |w 2021-07-02  |y BK 
999 |c 1403  |d 1403